header

Brain glucosensing (Record no. 76816)

MARC details
000 -LEADER
fixed length control field 01338nam a2200361Ia 4500
082 04 - DEWEY DECIMAL CLASSIFICATION NUMBER
Classification number 572/.565
100 1# - MAIN ENTRY--AUTHOR NAME
Personal name Polakof, Sergio.
245 10 - TITLE STATEMENT
Title Brain glucosensing
260 ## - PUBLICATION, DISTRIBUTION, ETC. (IMPRINT)
Place of publication Hauppauge, NY :
Name of publisher Nova Science Publishers,
Year of publication c2010.
300 ## - PHYSICAL DESCRIPTION
Number of Pages viii, 69 p.
490 0# - SERIES STATEMENT
Series statement Neurology - laboratory and clinical research developments
650 #0 - SUBJECT ADDED ENTRY--TOPICAL TERM
Topical Term Glucose
Topical Term Brain.
Topical Term Neurochemistry.
Topical Term Homeostasis.
Topical Term Blood sugar.
856 40 - ELECTRONIC LOCATION AND ACCESS
Uniform Resource Identifier http://site.ebrary.com/lib/rucke/Doc?id=10654639

No items available.

© 2026 Rongo University
Contact us: librarian | system librarian | Rongo university